| 000 | 00971cam a22002055a 4500 | ||
|---|---|---|---|
| 001 | L138382 | ||
| 008 | 070601s2007 xxk f 000 0 eng d | ||
| 035 | _a(Sirsi) u138382 | ||
| 041 | 0 | _aeng | |
| 110 | 2 |
_aInternational Accounting Standards Board _94097 |
|
| 245 | 0 | 0 |
_aIASB update _bMay 2007 _h[electronic resource] |
| 260 |
_aLondon _bIASB _c2007 |
||
| 490 | 0 |
_aIASB Update _vMay 2007 |
|
| 520 | _aSummary of the International Accounting Standards Board meeting in London on 15-18th of May 2007, when it discussed post-employment benefits, IAS 37 redeliberations, financial statement presentation, financial instruments puttable at fair value, obligations arising on liquidation, annual improvements process and leases. | ||
| 590 | _aKA | ||
| 651 | 4 | _aInternational | |
| 690 | _aMANAGEMENT-BUSINESS MANAGEMENT-FINANCIAL MANAGEMENT-ACCOUNTING-FINANCIAL REPORTING | ||
| 856 | 4 | 0 |
_uhttps://www.iasb.org/ _zView the item free of charge at www.iasb.org... |
| 942 | _n0 | ||
| 999 |
_c107153 _d107153 |
||